000 00281nam a2200097Ia 4500
005 20251222154327.0
008 251222s9999||||xx |||||||||||||| ||spa||
082 _aREF.985.008/C76/T.XXII/V.III
245 0 _aDocumentación oficial española: Gobierno virreynal del Cuzco
942 _cLIB
999 _c34014
_d34014